02842cam a22002895a 45000010009000000050017000090080041000260200018000670400033000850820022001181000037001402450078001772500012002552600063002673000035003305000024003655040041003895201801004306500047022316500045022786510010023236530020023337000019023539420008023729990017023809520155023971744552520160524144712.0120829t2013 flua frb 001 0 eng d a9781439867006 aDLCbengcDLCdDLCdEG-ScBUE04222a660.2832bHAY1 aHayes, R. E.q(Robert E.)94008010aIntroduction to chemical reactor analysis /cR. E. Hayes, J. P. Mmbaga.. a2nd ed. aBoca Raton :bCRC Press / Taylor & Francis Group,cc.2013. axxxi, 532 p. :bill. ;c26 cm. aIndex : p. 529-532. aIncludes bibliographical references. a"Preface: It has been about 10 years since the first edition of this book was published, and it is probably appropriate to begin by offering a justification for writing the book initially, and generating a second edition. As noted in the preface to the first edition, there are many good textbooks on chemical reaction engineering in existence. Many of the existing books on chemical reaction engineering are both excellent and comprehensive (Elements of Chemical Reaction Engineering by Scott Fogler and Chemical Reaction Engineering by Octave Levenspiel are both considered classics in the field). However, it can be this very comprehensiveness that may make them confusing to the neophyte. Most books contain material sufficient for several courses on chemical reaction engineering, although in some books the more complex topics are touched on only lightly. Other texts contain a mix of undergraduate and graduate level material, which can also make it difficult for the beginner in this topic to progress easily. This book, therefore, is not meant to be either comprehensive or complete, nor is it intended to offer a guide to reactor appreciation or give detailed historical perspectives. Rather, it is intended to provide an effective introduction to reactor analysis, and contains sufficient material to be covered in two terms of about 35-50-minute lectures each on reactor analysis. At the end of reading this book, and working the problems and examples, the reader should have a good basic knowledge sufficient to perform most of the common reaction engineering calculations that are required for the typical practicing engineer. Chemical kinetics and reactor design probably remain as the engineering specialization that separates the chemical engineer from other types of engineer"-- 7aChemical reactorsxAnalysis.2BUEsh940081 7aChemical reactorsxDesign.2BUEsh940082 2BUEsh bENGGENcMay20161 aMmbaga, J. P., 2ddc c21810d21782 00102ddc40708AlahramaMAINbMAINc1STd2016-05-24ePurchaseg486.00h1l2m2o660.2832 HAYp000032589r2025-07-15 00:00:00s2017-09-06v607.50yBB